Normal view
MARC view
- Sup Dr. Mahmood Ur Rahman.
Entry Personal Name
001 - CONTROL NUMBER
- control field: 30643
003 - CONTROL NUMBER IDENTIFIER
- control field: NUST
005 - DATE AND TIME OF LATEST TRANSACTION
- control field: 20200923104658.0
008 - FIXED-LENGTH DATA ELEMENTS
- fixed length control field: 200923|| aca||aabn | a|a d
040 ## - CATALOGING SOURCE
- Original cataloging agency: NUST
- Transcribing agency: NUST
100 ## - HEADING--PERSONAL NAME
- Personal name: Sup Dr. Mahmood Ur Rahman.
670 ## - SOURCE DATA FOUND
- Source citation: Work cat.: (NUST): Fawad Mashhadi, Syed 30641, Association of Vitamin D Deficiency with Tuberculosis in Adult Patients Reporting to a Tertiary Care Hospital of Rawalpindi /, 2014.
